| 000 | 00540nam a2200181Ia 4500 | ||
|---|---|---|---|
| 008 | 090123s9999 xx 000 0 und d | ||
| 082 |
_b2352 _a923.254/राउत |
||
| 100 | _aराऊत अरविंद | ||
| 245 | _aजीवनगुंजी | ||
| 250 | _a0 | ||
| 260 | _bसाहित्य सहकार | ||
| 300 | _a105 | ||
| 600 | _aराऊत अरविंद | ||
| 630 | _aजीवनगुंजी | ||
| 700 | _aराऊत अरविंद | ||
| 730 | _aजीवनगुंजी | ||
| 942 | _cBOOK | ||
| 999 |
_c57828 _d57828 |
||